02962 a2200169 45000010006000000050017000060080041000230030015000640400040000790800022001192450036001412500011001772640032001883000019002205052527002391000026027662800320260407155552.0260407a1954 arg spa dAR-UNSa-BCEJYS aAR-UNSa-BCEJYSbspacAR-UNSa-BCEJYS a657xContabilidad10aTratado de contabilidad general a8a. ed 1aBarcelona :bJuventudc1954 a368 p.c23 cm. aParte I: Teoría general de la contabilidad por partida doble: 1. De las cuentas - 2. Principios fundamentales dela partida doble - 3. Asientos libros comerciales - 4. Libro diario - 5. Libro mayor - 6. Balance de comprobación - 7. Libro de inventarios y balances. Libros copiadores y libros auxiliares - 8. Marcha general de la contabilidad de una empresa - 9. Ejercicios - Parte II: Contabilidad de empresas comerciales: 1. Organización contale - 2.Asientos de constitución de una empresa mercantil - Parte II: Contabilidad de empresas comerciales: 1.Organización contable - 2. Asientos de constitución de una empresa mercantil - 3. Cuenta de capital - 4. Cuentas personales - 5. De la amortización contable - 6. Cuetas e valores inmovilizados - 7. Cuentas de valores de cambio - 8. Cuentas transitorias y de orden - 9. Cuentas de resultados - 10. Contabilización de un emprestito - 11. Cuentas en participación - 12. Cálculo del precio de coste comercial - 13. Determinación y explicación delos beneficios o pérdidas - 14. Asientos relativos a la distribución de beneficios o pérdidas - 15. El balance - 16. Cierre y reapertura de libros - 17. Determinación de los beneficios o pérdidas en cualquier momento del ejercicio contable - 18. Contabilidad de una empresa con sucurales - 19. Disolución y liquidación de empresas mercantiles - Parte III: Contabilidad de empresas industriales: 1. ¿Que se ha de entender por contabilida industrial? - 2. Cálculo del precio de coste industrial - 3. Coeficiente de distribución de los gastos generales de fabricación - 4. Contabilidad del precio de coste industrial - 5. Casos generales en la contabilidad del precio de coste industrial - 6. Casos especiales en la contabilidad del precio de coste industrial - 7. Formas defectuosas de contabilidad industrial - Parte IV: Contabilida de entidades administrativas : 1. Teoría de la contabilidad administrativa - 2. La contabilidad administrativa en las empresas mercantiles - Parte V: disposiciones legales referentes a contabilidad: 1. Disposiciones del código de comercio y leyes complementarias - 2. La contabilidad y las leyes fiscales - 3. Errores y rectificaciones - Parte VI: Sistemas de contabilidad diferentes de la partida doble clásica: 1. La partida simple - 2. El sistema logismográfico - 3. Los sistemas de contabilidad llamados americanos - 4. El sistema centralizador o de diarios múltiples - 5. La contabilidad mecánica - 6. Otros sistemas de contabilidad.1 aBoter Mauri, Fernando